Didáctica de los valores en el nivel inicial
Zapisane w:
| Główni autorzy: | , , |
|---|---|
| Format: | Książka |
| Język: | hiszpański |
| Wydane: |
Buenos Aires
Bonum
2013
|
| Wydanie: | 2a. ed |
| Hasła przedmiotowe: | |
| Etykiety: |
Dodaj etykietę
Nie ma etykietki, Dołącz pierwszą etykiete!
|
MARC
| LEADER | 00000cam a2200000 a 4500 | ||
|---|---|---|---|
| 001 | UCE7650 | ||
| 003 | CL-VaPUC | ||
| 008 | 150626e20130000ag |||||||||||||||||spa|d | ||
| 020 | |a 9789876670432 | ||
| 082 | 0 | 4 | |a 370.114 |b DEL |2 21 |
| 100 | 0 | |a Del Vitto, Viviana Irene |e author |9 580327 | |
| 700 | 0 | |a Lista, Sandra Marina |e author |9 580328 | |
| 700 | 0 | |a Speroni, María del Carmen |e author |9 580329 | |
| 245 | 1 | 0 | |a Didáctica de los valores en el nivel inicial |
| 250 | |a 2a. ed | ||
| 300 | |a 112 p | ||
| 942 | |c BK | ||
| 945 | |d 20150626 15:30:00 |a gsalatino | ||
| 260 | |a Buenos Aires |b Bonum |c 2013 | ||
| 650 | 0 | |a Educación moral |9 308319 | |
| 650 | 0 | |a Educación básica |9 224933 | |
| 583 | |a last modification |c 20170912 12:24:42 |k Rodrigo Vera | ||
| 999 | |c 359701 |d 359699 | ||
| 952 | |0 0 |1 0 |3 erb |4 0 |6 370_114000000000000_DEL_2013 |7 0 |8 A |9 469098 |a BIBTEO |b BIBTEO |i 5165660 |o 370.114 DEL 2013 |p 5165660 |r 2025-01-17 |w 2019-11-23 |y BK |z Catalogado en:20150626 |k ICR | ||